| 000 | 00805nam a2200253Ia 4500 | ||
|---|---|---|---|
| 003 | OSt | ||
| 005 | 20221005085349.0 | ||
| 006 | a|||||r|||| 00| 0 | ||
| 007 | ta | ||
| 008 | 221004b |||||||| |||| 00| 0 eng d | ||
| 020 |
_a9780486404455 (pbk) _c839.83 |
||
| 024 | _a113949 | ||
| 037 |
_bOD00515143347E, 26/12/2011, W S Retail Services Pvt. Ltd. _cTextual |
||
| 040 |
_aCRL _cCRL _beng |
||
| 041 |
_2eng _aeng |
||
| 082 | _aR1xM891,1, N9 | ||
| 100 | _aWittgenstein Ludwig | ||
| 245 | 0 | _aTractatus logico philosophicus | |
| 260 |
_aNew York _bDover Publications USA _c1999 |
||
| 300 |
_a125p. _ccm. |
||
| 650 | _aPHILOSOPHY | ||
| 942 |
_hR1xM891,1, N9 _cTEXL _2cc |
||
| 999 |
_c994106 _d994106 |
||